| 000 | 01925cam a2200277zu 4500 | ||
|---|---|---|---|
| 001 | 88926761 | ||
| 003 | FRCYB88926761 | ||
| 005 | 20251020123123.0 | ||
| 006 | m o d | ||
| 007 | cr un | ||
| 008 | 251020s2021 fr | o|||||0|0|||fre d | ||
| 020 | _a9782200624767 | ||
| 035 | _aFRCYB88926761 | ||
| 040 |
_aFR-PaCSA _bfr _c _erda |
||
| 100 | 1 | _aHassenteufel, Patrick | |
| 245 | 0 | 1 |
_aSociologie politique de l'action publique _c['Hassenteufel, Patrick'] |
| 264 | 1 |
_bArmand Colin _c2021 |
|
| 300 | _a p. | ||
| 336 |
_btxt _2rdacontent |
||
| 337 |
_bc _2rdamdedia |
||
| 338 |
_bc _2rdacarrier |
||
| 650 | 0 | _a | |
| 700 | 0 | _aHassenteufel, Patrick | |
| 856 | 4 | 0 |
_2Cyberlibris _uhttps://international.scholarvox.com/netsen/book/88926761 _qtext/html _a |
| 520 | _aAvec la deuxième mondialisation, l’approfondissement de la construction européenne et les dynamiques de territorialisation, les politiques publiques ne se réduisent plus à l’action de l’État. Ces évolutions ont entraîné le développement de cadres d’analyse permettant d’appréhender les processus de construction collective de l’action publique par des acteurs multiples, en interaction à différents niveaux.Cet ouvrage présente ces approches en s’appuyant sur des études de cas empiriques portant sur des domaines variés, en France et ailleurs. Il rend compte de l’ensemble du processus de politique publique, de la construction de problèmes publics à la concrétisation de l’action publique.Cette troisième édition, entièrement revue et enrichie, met l’accent sur les processus de formulation de l’action publique et sur les changements des politiques publiques dans le contexte des crises multiples du xxie siècle (crise financière, dérèglement climatique, crise sanitaire…). Elle invite à s’interroger sur les transformations en cours de l’État et des régimes politiques. | ||
| 999 |
_c1553107 _d1553107 |
||